Sources laser (notice n° 2076706)
[ vue normale ]
| 000 -LEADER | |
|---|---|
| fixed length control field | 00510cam a2200157 4500500 |
| 005 - DATE AND TIME OF LATEST TRANSACTION | |
| control field | 20260405004504.0 |
| 041 ## - LANGUAGE CODE | |
| Language code of text/sound track or separate title | fre |
| 042 ## - AUTHENTICATION CODE | |
| Authentication code | dc |
| 100 10 - MAIN ENTRY--PERSONAL NAME | |
| Personal name | Haidar, Riad |
| Relator term | author |
| 245 00 - TITLE STATEMENT | |
| Title | Sources laser |
| 260 ## - PUBLICATION, DISTRIBUTION, ETC. | |
| Name of publisher, distributor, etc. | Techniques de l'ingénieur,<br/> |
| Date of publication, distribution, etc. | 2025.<br/> |
| 700 10 - ADDED ENTRY--PERSONAL NAME | |
| Personal name | Hugonnot, Emmanuel |
| Relator term | author |
| 700 10 - ADDED ENTRY--PERSONAL NAME | |
| Personal name | Joindot, Michel |
| Relator term | author |
| 700 10 - ADDED ENTRY--PERSONAL NAME | |
| Personal name | Moncorgé, Richard |
| Relator term | author |
| 856 41 - ELECTRONIC LOCATION AND ACCESS | |
| Uniform Resource Identifier | <a href="https://stm.cairn.info/techniques-de-l-ingenieur-sources-laser--42452210?lang=fr&redirect-ssocas=7080">https://stm.cairn.info/techniques-de-l-ingenieur-sources-laser--42452210?lang=fr&redirect-ssocas=7080</a> |
Pas d'exemplaire disponible.




Réseaux sociaux